LIBRARY & INFORMATION CENTRE, KCAET, TAVANUR

ONLINE PUBLIC ACCESS CATALOGUE (OPAC)

Bibliography / (Record no. 5586)

MARC details
000 -LEADER
fixed length control field 00471cam a2200193ua 4500
041 ## - LANGUAGE CODE
Language code of text/sound track or separate title eng
082 ## - DEWEY DECIMAL CLASSIFICATION NUMBER
Classification number 011
Item number GIR/BI
100 ## - MAIN ENTRY--AUTHOR NAME
Personal name Krishan , Kumar .
245 ## - TITLE STATEMENT
Title Bibliography /
250 ## - EDITION STATEMENT
Edition statement 1 /
260 ## - PUBLICATION, DISTRIBUTION, ETC. (IMPRINT)
Place of publication New Delhi :
Name of publisher Vani Educational Books ,
Year of publication 1985.
300 ## - PHYSICAL DESCRIPTION
Number of Pages 296 ;
Accompanying material CD ROM.
700 ## - ADDED ENTRY--PERSONAL NAME
Personal name Girja, Kumar .
942 ## - ADDED ENTRY ELEMENTS (KOHA)
Koha item type Books
Holdings
Withdrawn status Lost status Damaged status Home library Current library Date acquired Full call number Accession Number Koha item type
      KAUAET   09/03/1987 011 16000 Books
free website counter